LEADER 01054nam a2200253 i 4500 001 000000169009 003 CaOOAMICUS 005 20080206000000.0 008 080206s1981 it u000 u ita u 013 $a146412 040 $aSeMil$bita 100 1 $aPanzeri, Giulio <1932->.$0(OLS)http://semarc/name/33291 245 14$aUno solo è il nostro maestro /$cGiulio Panzeri. 260 $aDesio :$bCollegio Arcivescovile Pio 11.,$c1981. 300 $a161 p. ;$c24 cm. 500 $aIn prel. : Dedica autografa al Card. Colombo. - Fondo card. Giovanni Colombo. 650 4$aChiesa e educazione.$0(OLS)http://semarc/subject/22355 650 4$aScuola cattolica - Educazione.$0(OLS)http://semarc/subject/17731 850 $aSeMil 852 $aSeMil$W1$xVenegono$y1$m3GC IV 355$j119991$B119991$CSeMilBibl$Z2$F131197 $8B 941 1 $a3 961 $aLascito: Colombo Card. Giovanni 996 $6245$aUno solo è il nostro maestro$9(OLS)http://semarc/title/175417 996 $6260$aDesio :$bCollegio Arcivescovile Pio 11.$9(OLS)http://semarc/publisher/37175 LEADER 02065nam a2200277 i 4500 001 000000342751 003 CaOOAMICUS 005 20220118083016.0 008 201029s2020 it u000 u ita u 013 $a237164 020 $a978-88-10-41045-5 040 $aSeMil$bita 100 1 $aPiazzolla, Francesco.$0(OLS)http://semarc/name/108986 245 13$aIl Cristo dell'Apocalisse /$cFrancesco Piazzolla. 264 1$aBologna :$bEDB,$c2020. 300 $a328 p. ;$c21 cm. 490 1 $aStudi biblici ;$v93 520 2 $aL'Apocalisse sviluppa una delle cristologie più ricche ed elaborate dell'intero Nuovo Testamento. Se si considera, infatti, il solo dato statistico le attribuzioni cristologiche del libro sono di gran lunga superiori a molti altri scritti. Ugualmente le sfumature e la valenza dei diversi appellativi dati a Gesù presentano una vasta gamma di significati e implicazioni di carattere cristologico, ecclesiale, sociologico, escatologico e culturale in genere. Questo studio affronta aspetti che attraversano l'intera opera fornendo uno sguardo d'insieme sulla persona di Cristo. In particolare, vengono presi in esame i titoli «Figlio dell'uomo» e «Cristo-Agnello», i temi del giudizio e del regno, la metafora matrimoniale come immagine del rapporto di Gesù con la Chiesa. Infine, a partire dalla prima qualifica cristologica «il martire fedele», si rilegge la vicenda di Cristo morto e risorto in rapporto alla Chiesa e si considera l'intera rivelazione dell'Apocalisse nella sua valenza cristologica. 650 4$aBibbia - NT - Apocalisse - Gesù Cristo.$0(OLS)http://semarc/subject/37825 830 0$aStudi biblici ;$v93.$0(OLS)http://semarc/title/438659 850 $aSeMil 852 $aSeMil$W1$xVenegono$y1$m2YA V 93$j265084$B233633$CSeMilBibl$Z2$F233633 $81 996 $6020$a978-88-10-41045-5$9(OLS)http://semarc/number/291531 996 $6245$aIl Cristo dell'Apocalisse$9(OLS)http://semarc/title/431622 996 $6264$aBologna :$bEDB$9(OLS)http://semarc/publisher/29669